| 000 | 01368nam a22003617a 4500 | ||
|---|---|---|---|
| 001 | 204 | ||
| 003 | FISKH | ||
| 005 | 20230303160123.0 | ||
| 008 | 230303b cb ||||| |||| 00| 0 eng d | ||
| 040 |
_aDLC _cDLC _dDLC _dFISKH _beng |
||
| 050 | 0 | 0 |
_aPZ7.P2197 _bJr 2001 |
| 082 | 0 | 0 |
_a813.54 _221 |
| 100 | 1 | _aPark, Barbara. | |
| 245 | 1 | 0 |
_aJunie B., first grader (at last!) / _cBarbara Park ; illustrated by Denise Brunkus. |
| 250 | _a1st ed. | ||
| 260 |
_aNew York : _bScholastic _c2002 |
||
| 300 |
_a76 p. : _bill. ; _c20 cm. |
||
| 490 | 1 |
_aThe Junie B. Jones series ; _vv. 18 |
|
| 500 | _a"A Stepping stone book." | ||
| 505 | _aH | ||
| 520 | _aJunie B. thinks first grade is a flop when her kindergarten friend Lucille prefers the company of twins Camille and Chenille and Junie B. needs glasses. | ||
| 521 | 8 |
_a490
_bLexile |
|
| 521 | 8 |
_aH
_bRaz-Plus |
|
| 650 | 1 |
_aSchools _vFiction. |
|
| 650 | 1 |
_aEyeglasses _vFiction. |
|
| 650 | 1 |
_aFriendship _vFiction. |
|
| 700 | 1 |
_aBrunkus, Denise, _eill. |
|
| 800 | 1 |
_aPark, Barbara. _tJunie B. Jones series ; _vv. 18. |
|
| 856 | 4 | 2 |
_3Publisher description _uhttp://www.loc.gov/catdir/description/random0413/2001019076.html |
| 856 | 4 | 2 |
_3Contributor biographical information _uhttp://www.loc.gov/catdir/enhancements/fy1306/2001019076-b.html |
| 906 |
_a7 _bcbc _corignew _d1 _eocip _f20 _gy-gencatlg |
||
| 942 |
_2ddc _cBK _n0 |
||
| 999 |
_c204 _d204 |
||